Aéroports de Suisse - Statistiques

Statistiques générales
  • Ce quiz a été pris 56 fois
  • Le résultat moyen est 5 sur 7
Statistiques - réponses
Réponse % Correct
2 Aéroport de Genève
98%
1 Aéroport de Zurich
98%
4 Aéroport de Berne
91%
3 EuroAéroport de Bâle-Mulhouse-Fribourg
85%
5 Aéroport de Lugano
49%
7 Aéroport de Sion
45%
6 Aéroport de St-Gall Altenrhein
38%
Aucun quiz correspondant
Distribution des résultats
% des personnes avec chaque résultat
Percentile par nombre de réponses
Votre historique - résultats
Vous n’avez pas pris ce quiz